Cities on US Route 22 - Statistics

General Stats
  • This quiz has been taken 7 times
  • The average score is 4 of 18
Answers on the Map
Answers color-coded by a green-red scale on the quiz's map according to % correct below.
 
Answer Stats
State County Answer % Correct
Ohio Hamilton Cincinnati
100%
New Jersey Essex Newark
83%
Pennsylvania Allegheny Pittsburgh
83%
Pennsylvania Dauphin Harrisburg
33%
Ohio Muskingum Zanesville
33%
Pennsylvania Bethlehem
17%
Ohio Jefferson Steubenville
17%
West Virginia Weirton
17%
Ohio Clinton Wilmington
17%
Ohio Guernsey Cambridge
0%
Ohio Pickaway Circleville
0%
Pennsylvania Northampton Easton
0%
Ohio Fairfield Lancaster
0%
Ohio Loveland
0%
Ohio Hamilton Montgomery
0%
Ohio Hamilton Norwood
0%
Ohio South Lebanon
0%
Ohio Fayette Washington Court House
0%
No matching quizzes found
Score Distribution
Percent of People with Each Score
Percentile by Number Answered
Your Score History
You have not taken this quiz